00502nam a2200181Ia 450000500170000000800410001702000180005808200130007624500750008926000460016430000190021065000100022965000110023965000110025065000140026170000200027570000250029520250306234519.0240331s9999 xx 000 0 und d a9789799930569 bDECa992 0aDecentralization as a Narrative of Opportunity for Women in Indonesia  aIndonesiabWomen Research Institutec2007 aViii, 221 p ., aWomen aSocial aGender aPolitical aNoerdin,E eedt aAripurnami, S. eedt